Biggest European Cities that start with M on a Map - Statistics

General Stats
  • This quiz has been taken 904 times
  • The average score is 16 of 26
Answers on the Map
Answers color-coded by a green-red scale on the quiz's map according to % correct below.
 
Answer Stats
Population City % Correct
3,334,730 Madrid
100%
563,561 Manchester
99%
1,397,715 Milan
99%
12,455,682 Moscow
99%
1,484,226 Munich
99%
2,009,786 Minsk
98%
868,277 Marseille
96%
324,002 Malmö
91%
578,460 Málaga
88%
310,658 Mannheim
75%
290,053 Montpellier
67%
459,403 Murcia
67%
282,851 Murmansk
59%
225,546 Messina
57%
315,293 Münster
56%
218,578 Mainz
55%
436,569 Mariupol
53%
237,565 Magdeburg
50%
261,034 Mönchengladbach
40%
604,266 Makhachkala
31%
480,080 Mykolaiv
31%
357,404 Mogilev
29%
413,251 Magnitogorsk
22%
210,309 Móstoles
17%
341,362 Makiivka
14%
245,643 Mytishchi
11%
No matching quizzes found
Score Distribution
Percent of People with Each Score
Percentile by Number Answered
Your Score History
You have not taken this quiz